|
|
|
|
| LEADER |
00993ncm a22002652a 4500 |
| 001 |
000069068 |
| 003 |
CZ BrMZK |
| 005 |
20100521094759.0 |
| 007 |
qu |
| 008 |
950407s1988 xr f zxx d |
| 040 |
|
|
|a BOA001
|b cze
|
| 072 |
|
7 |
|a 788
|x Hudba pro dechové nástroje
|2 Konspekt
|9 9
|
| 080 |
9 |
|
|a 788.93
|2 MRF
|
| 100 |
1 |
|
|a Langer, Adolf,
|d 1910-1986
|7 jk01071514
|4 cmp
|
| 245 |
1 |
0 |
|a Hrajeme na foukací harmoniku
|h [hudebnina] :
|b instruktivní příručka pro hru na jednorejstříkovou harmoniku /
|c Adolf Langer, Emil Mach
|
| 250 |
|
|
|a 9. vyd.
|
| 260 |
|
|
|a Praha :
|b Supraphon,
|c 1988
|
| 300 |
|
|
|a 39 s.
|
| 700 |
1 |
|
|a Mach, Emil
|7 xx0021520
|4 cmp
|
| 910 |
|
|
|a BOA001
|b PK-A-0019.284
|b Mus1-0939.341
|
| 964 |
|
|
|a Harmonika foukací - školy
|
| 990 |
|
|
|a MU
|
| 991 |
|
|
|b 201005
|
| 996 |
7 |
|
|b 2619448144
|c Mus1-0939.341
|l MZK
|r Sklad / do 1 hodiny
|n 1
|w 000069068
|u 000020
|a 1
|e BOA001
|j MZK50
|s A
|
| 996 |
7 |
|
|b 3119964981
|c PK-A-0019.284
|l MZK
|r Sklad / do 1 hodiny
|n 13
|w 000069068
|u 000010
|a 1
|e BOA001
|j MZK50
|s A
|